[Event "OeISM_Rapid_u12_Girls"]
[Site "AUT_girls_U12"]
[Date "2020.12.13"]
[Round "2"]
[White "Efiona2008"]
[Black "Athene"]
[Result "0-1"]
[WhiteElo "1449"]
[BlackElo "1544"]
[Annotator "NA RC"]
[PlyCount "108"]
[EventDate "2020.12.13"]
[EventType "blitz"]

1. e4 {[%emt 0:00:03]} e5 {[%emt 0:00:24]} 2. Nf3 {[%emt 0:00:03]} Nc6 {[%emt 0:00:02]} 3. Nc3 {[%emt 0:00:03]} a6 {[%emt 0:00:07]} 4. Bc4 {[%emt 0:00:03]} Bc5 {[%emt 0:00:06]} 5. d3 {[%emt 0:00:07]} Nf6 {[%emt 0:00:03]} 6. Bg5 {[%emt 0:00:11]} h6 {[%emt 0:00:04]} 7. Bh4 {[%emt 0:00:02]} g5 {[%emt 0:00:02]} 8. Bg3 {[%emt 0:00:02]} d6 {[%emt 0:00:04]} 9. h3 {[%emt 0:00:06]} Be6 {[%emt 0:00:06]} 10. Bb3 {[%emt 0:00:10]} Qd7 {[%emt 0:00:02]} 11. Qd2 {[%emt 0:00:29]} Ng8 {[%emt 0:00:16]} 12. O-O {[%emt 0:00:26]} f5 {[%emt 0:00:06]} 13. exf5 {[%emt 0:00:31]} Bxf5 {[%emt 0:00:00]} 14. Nd5 {[%emt 0:00:30]} Nd4 {[%emt 0:00:20]} 15. Nxd4 {[%emt 0:00:27]} Bxd4 {[%emt 0:00:00]} 16. Nc3 {[%emt 0:00:21]} Nf6 {[%emt 0:00:07]} 17. a4 {[%emt 0:00:36]} O-O-O {[%emt 0:00:08]} 18. Ba2 {[%emt 0:00:34]} e4 {[%emt 0:00:06]} 19. dxe4 {[%emt 0:00:11]} Bxc3 {[%emt 0:00:03]} 20. Qxc3 {[%emt 0:00:09]} Nxe4 {[%emt 0:00:01]} 21. Qd4 {[%emt 0:00:18]} Nxg3 {[%emt 0:00:00]} 22. fxg3 {[%emt 0:00:06]} Kb8 {[%emt 0:00:06]} 23. Qd5 {[%emt 0:00:34]} Bxc2 {[%emt 0:00:42]} 24. Bb3 {[%emt 0:00:50]} Bxb3 {[%emt 0:00:21]} 25. Qxb3 {[%emt 0:00:02]} Rhf8 {[%emt 0:00:17]} 26. Rxf8 {[%emt 0:00:25]} Rxf8 {[%emt 0:00:00]} 27. Rf1 {[%emt 0:00:16]} Rxf1+ {[%emt 0:00:15]} 28. Kxf1 {[%emt 0:00:02]} Qf5+ {[%emt 0:00:02]} 29. Kg1 {[%emt 0:00:08]} b5 {[%emt 0:00:11]} 30. Qg8+ {[%emt 0:00:21]} Kb7 {[%emt 0:00:05]} 31. axb5 {[%emt 0:00:29]} axb5 {[%emt 0:00:07]} 32. Qb3 {[%emt 0:00:19]} Qc5+ {[%emt 0:00:05]} 33. Kh2 {[%emt 0:00:08]} Kc6 {[%emt 0:00:05]} 34. Qf3+ {[%emt 0:00:07]} Qd5 {[%emt 0:00:06]} 35. Qc3+ {[%emt 0:00:09]} Kb6 {[%emt 0:00:06]} 36. Qe3+ {[%emt 0:00:06]} Kb7 {[%emt 0:00:07]} 37. Qe7 {[%emt 0:00:11]} Qe5 {[%emt 0:00:06]} 38. Qxe5 {[%emt 0:00:12]} dxe5 {[%emt 0:00:00]} 39. Kg1 {[%emt 0:00:04]} Kc6 {[%emt 0:00:01]} 40. Kf2 {[%emt 0:00:02]} Kd5 {[%emt 0:00:01]} 41. Ke2 {[%emt 0:00:02]} Ke4 {[%emt 0:00:02]} 42. b3 {[%emt 0:00:13]} b4 {[%emt 0:00:01]} 43. Kf2 {[%emt 0:00:08]} c6 {[%emt 0:00:05]} 44. h4 {[%emt 0:00:04]} g4 {[%emt 0:00:03]} 45. Ke2 {[%emt 0:00:05]} h5 {[%emt 0:00:03]} 46. Kd2 {[%emt 0:00:09]} Kd4 {[%emt 0:00:04] Efiona2008 offers a draw} 47. Kc2 {[%emt 0:00:20]} c5 {[%emt 0:00:06]} 48. Kd2 {[%emt 0:00:06]} c4 {[%emt 0:00:03]} 49. Kc2 {[%emt 0:00:05]} c3 {[%emt 0:00:03]} 50. Kd1 {[%emt 0:00:08]} Kd3 {[%emt 0:00:02]} 51. Kc1 {[%emt 0:00:04]} e4 {[%emt 0:00:02]} 52. Kd1 {[%emt 0:00:02]} e3 {[%emt 0:00:02]} 53. Ke1 {[%emt 0:00:10]} c2 {[%emt 0:00:03]} 54. Kf1 {[%emt 0:00:05]} c1=Q# {[%emt 0:00:04] Mate Mate} 0-1

[Event "OeISM_Rapid_u12_Girls"]
[Site "AUT_girls_U12"]
[Date "2020.12.13"]
[Round "2"]
[White "Orchidee14"]
[Black "HarryPotter09"]
[Result "1-0"]
[WhiteElo "1343"]
[BlackElo "1515"]
[Annotator "NA RC"]
[PlyCount "103"]
[EventDate "2020.12.13"]
[EventType "blitz"]

1. e4 {[%emt 0:00:05]} e5 {[%emt 0:00:01]} 2. Nf3 {[%emt 0:00:02]} Nc6 {[%emt 0:00:02]} 3. d4 {[%emt 0:00:02]} exd4 {[%emt 0:00:09]} 4. Nxd4 {[%emt 0:00:03]} Bc5 {[%emt 0:00:40]} 5. Be3 {[%emt 0:00:11]} d6 {[%emt 0:00:53]} 6. Nxc6 {[%emt 0:00:11]} bxc6 {[%emt 0:00:06]} 7. Bxc5 {[%emt 0:00:03]} dxc5 {[%emt 0:00:03]} 8. Qxd8+ {[%emt 0:00:03]} Kxd8 {[%emt 0:00:02]} 9. Bc4 {[%emt 0:00:04]} Ke7 {[%emt 0:00:10]} 10. O-O {[%emt 0:00:04]} Nf6 {[%emt 0:00:05]} 11. Nc3 {[%emt 0:00:05]} Rd8 {[%emt 0:00:20]} 12. e5 {[%emt 0:00:04]} Nd5 {[%emt 0:00:14]} 13. Rad1 {[%emt 0:00:06]} Be6 {[%emt 0:00:04]} 14. Ne4 {[%emt 0:00:09]} Rab8 {[%emt 0:00:27]} 15. b3 {[%emt 0:00:20]} Nb6 {[%emt 0:00:46]} 16. Rxd8 {[%emt 0:00:07]} Rxd8 {[%emt 0:00:02]} 17. Bxe6 {[%emt 0:00:03]} Kxe6 {[%emt 0:00:07]} 18. Nxc5+ {[%emt 0:00:01]} Kxe5 {[%emt 0:00:08]} 19. Re1+ {[%emt 0:00:03]} Kd6 {[%emt 0:00:10]} 20. Nb7+ {[%emt 0:00:14]} Kd7 {[%emt 0:00:09]} 21. Rd1+ {[%emt 0:00:04]} Nd5 {[%emt 0:00:05]} 22. Nxd8 {[%emt 0:00:04]} Kxd8 {[%emt 0:00:02]} 23. c4 {[%emt 0:00:06]} Kd7 {[%emt 0:00:15]} 24. cxd5 {[%emt 0:00:06]} cxd5 {[%emt 0:00:02]} 25. Rxd5+ {[%emt 0:00:02]} Kc6 {[%emt 0:00:02]} 26. Rf5 {[%emt 0:00:03]} f6 {[%emt 0:00:04]} 27. Ra5 {[%emt 0:00:06]} Kb6 {[%emt 0:00:03]} 28. b4 {[%emt 0:00:03]} a6 {[%emt 0:00:23]} 29. Ra3 {[%emt 0:00:29]} Kb5 {[%emt 0:00:04]} 30. Rc3 {[%emt 0:00:06]} c5 {[%emt 0:00:11]} 31. bxc5 {[%emt 0:00:04]} Kc6 {[%emt 0:00:02]} 32. a4 {[%emt 0:00:03]} a5 {[%emt 0:00:05]} 33. Rc4 {[%emt 0:00:03]} Kd5 {[%emt 0:00:06]} 34. Rc1 {[%emt 0:00:05]} Kc6 {[%emt 0:00:02]} 35. Kf1 {[%emt 0:00:02]} f5 {[%emt 0:00:15]} 36. Ke2 {[%emt 0:00:04]} g6 {[%emt 0:00:02]} 37. Kd3 {[%emt 0:00:04]} h6 {[%emt 0:00:11]} 38. Kc4 {[%emt 0:00:02]} g5 {[%emt 0:00:09]} 39. Rc3 {[%emt 0:00:03]} f4 {[%emt 0:00:04]} 40. Rh3 {[%emt 0:00:04]} g4 {[%emt 0:00:06]} 41. Rxh6+ {[%emt 0:00:02]} Kc7 {[%emt 0:00:01]} 42. c6 {[%emt 0:00:02]} Kb6 {[%emt 0:00:17]} 43. Kd5 {[%emt 0:00:07]} Kc7 {[%emt 0:00:03]} 44. Rh7+ {[%emt 0:00:05]} Kc8 {[%emt 0:00:05]} 45. c7 {[%emt 0:00:02]} Kb7 {[%emt 0:00:05]} 46. Kd6 {[%emt 0:00:01]} Kc8 {[%emt 0:00:02]} 47. Rh8+ {[%emt 0:00:04]} Kb7 {[%emt 0:00:05]} 48. c8=Q+ {[%emt 0:00:04]} Kb6 {[%emt 0:00:02]} 49. Qc5+ {[%emt 0:00:05]} Ka6 {[%emt 0:00:02]} 50. Ra8+ {[%emt 0:00:05]} Kb7 {[%emt 0:00:01]} 51. Ra7+ {[%emt 0:00:05]} Kb8 {[%emt 0:00:02]} 52. Qc7# {[%emt 0:00:05] Mate Mate} 1-0

[Event "OeISM_Rapid_u12_Girls"]
[Site "AUT_girls_U12"]
[Date "2020.12.13"]
[Round "2"]
[White "Jaguarjungle"]
[Black "Leefke Giselbrecht"]
[Result "1-0"]
[WhiteElo "1309"]
[BlackElo "1387"]
[Annotator "NA RC"]
[PlyCount "143"]
[EventDate "2020.12.13"]
[EventType "blitz"]

1. e4 {[%emt 0:00:03]} d5 {[%emt 0:00:02]} 2. Bd3 {[%emt 0:00:18]} Nf6 {[%emt 0:00:05]} 3. f3 {[%emt 0:00:27]} Nc6 {[%emt 0:00:13]} 4. Nc3 {[%emt 0:00:12]} e6 {[%emt 0:00:16]} 5. a3 {[%emt 0:00:04]} Bc5 {[%emt 0:00:06]} 6. Be2 {[%emt 0:00:22]} O-O {[%emt 0:00:06]} 7. d3 {[%emt 0:00:09]} Re8 {[%emt 0:00:34]} 8. Bg5 {[%emt 0:00:06]} h6 {[%emt 0:00:05]} 9. Bh4 {[%emt 0:00:04]} Ne5 {[%emt 0:00:36]} 10. Qd2 {[%emt 0:00:07]} Ng6 {[%emt 0:00:04]} 11. Bg3 {[%emt 0:00:06]} Nh5 {[%emt 0:00:32]} 12. O-O-O {[%emt 0:00:21]} a6 {[%emt 0:00:16]} 13. d4 {[%emt 0:00:28]} Bd6 {[%emt 0:00:19]} 14. e5 {[%emt 0:00:15]} Be7 {[%emt 0:00:09]} 15. Bf2 {[%emt 0:00:07]} b5 {[%emt 0:00:26]} 16. g3 {[%emt 0:00:10]} c6 {[%emt 0:00:31]} 17. f4 {[%emt 0:00:10]} a5 {[%emt 0:00:12]} 18. a4 {[%emt 0:00:16]} b4 {[%emt 0:00:05]} 19. Na2 {[%emt 0:00:08]} Qb6 {[%emt 0:00:27]} 20. Qd3 {[%emt 0:00:17]} c5 {[%emt 0:00:15]} 21. dxc5 {[%emt 0:00:10]} Bxc5 {[%emt 0:00:03]} 22. Bxc5 {[%emt 0:00:03]} Qxc5 {[%emt 0:00:07]} 23. Nf3 {[%emt 0:00:07]} Qc6 {[%emt 0:00:42]} 24. Qb5 {[%emt 0:00:11]} Qxb5 {[%emt 0:00:24]} 25. Bxb5 {[%emt 0:00:00]} Rd8 {[%emt 0:00:05]} 26. Rd2 {[%emt 0:00:19]} f6 {[%emt 0:00:04]} 27. exf6 {[%emt 0:00:08]} Nxf6 {[%emt 0:00:03]} 28. Re1 {[%emt 0:00:11]} Ne4 {[%emt 0:00:10]} 29. Rd4 {[%emt 0:00:11]} Ba6 {[%emt 0:00:26]} 30. Bxa6 {[%emt 0:00:09]} Rxa6 {[%emt 0:00:03]} 31. Nd2 {[%emt 0:00:15]} Nf2 {[%emt 0:00:36]} 32. Re2 {[%emt 0:00:19]} Ng4 {[%emt 0:00:13]} 33. Rd3 {[%emt 0:00:07]} e5 {[%emt 0:00:10]} 34. fxe5 {[%emt 0:00:05]} N6xe5 {[%emt 0:00:07]} 35. Rd4 {[%emt 0:00:06]} Re6 {[%emt 0:00:29]} 36. Rxg4 {[%emt 0:00:07]} b3 {[%emt 0:00:40]} 37. Nxb3 {[%emt 0:00:18]} Nxg4 {[%emt 0:00:24]} 38. Rxe6 {[%emt 0:00:04]} Nxh2 {[%emt 0:00:19]} 39. Nxa5 {[%emt 0:00:07]} d4 {[%emt 0:00:05]} 40. Nc6 {[%emt 0:00:03]} Rf8 {[%emt 0:00:05]} 41. Nxd4 {[%emt 0:00:03]} Rf2 {[%emt 0:00:15]} 42. b4 {[%emt 0:00:11]} Ng4 {[%emt 0:00:10]} 43. b5 {[%emt 0:00:06]} Rf8 {[%emt 0:00:09]} 44. a5 {[%emt 0:00:06]} Rb8 {[%emt 0:00:31]} 45. a6 {[%emt 0:00:03]} Ra8 {[%emt 0:00:05]} 46. Nb4 {[%emt 0:00:06]} Nf6 {[%emt 0:00:08]} 47. b6 {[%emt 0:00:13]} Nd7 {[%emt 0:00:07]} 48. b7 {[%emt 0:00:05]} Ra7 {[%emt 0:00:05]} 49. Re7 {[%emt 0:00:12]} Nb8 {[%emt 0:00:06]} 50. Nbc6 {[%emt 0:00:06]} Nxa6 {[%emt 0:00:07]} 51. Re8+ {[%emt 0:00:15]} Kh7 {[%emt 0:00:04]} 52. b8=Q {[%emt 0:00:08]} Nxb8 {[%emt 0:00:03]} 53. Rxb8 {[%emt 0:00:00]} Ra1+ {[%emt 0:00:07]} 54. Rb1 {[%emt 0:00:08]} Ra3 {[%emt 0:00:03]} 55. Nb5 {[%emt 0:00:03]} Rxg3 {[%emt 0:00:02]} 56. c4 {[%emt 0:00:03]} Rc3+ {[%emt 0:00:03]} 57. Nxc3 {[%emt 0:00:03]} g5 {[%emt 0:00:02]} 58. Ne4 {[%emt 0:00:02]} g4 {[%emt 0:00:02]} 59. Ne5 {[%emt 0:00:03]} h5 {[%emt 0:00:03]} 60. c5 {[%emt 0:00:02]} h4 {[%emt 0:00:01]} 61. Nxg4 {[%emt 0:00:02]} h3 {[%emt 0:00:02]} 62. c6 {[%emt 0:00:03]} h2 {[%emt 0:00:01]} 63. Nxh2 {[%emt 0:00:04]} Kg6 {[%emt 0:00:03]} 64. Kc2 {[%emt 0:00:02]} Kf5 {[%emt 0:00:12]} 65. Rd1 {[%emt 0:00:01]} Kxe4 {[%emt 0:00:03]} 66. c7 {[%emt 0:00:00]} Kf5 {[%emt 0:00:05]} 67. c8=Q+ {[%emt 0:00:00]} Ke4 {[%emt 0:00:04]} 68. Qe8+ {[%emt 0:00:01]} Kf4 {[%emt 0:00:03]} 69. Rf1+ {[%emt 0:00:00]} Kg3 {[%emt 0:00:03]} 70. Qg8+ {[%emt 0:00:01]} Kxh2 {[%emt 0:00:03]} 71. Rg1 {[%emt 0:00:09]} Kh3 {[%emt 0:00:03]} 72. Qh8# {[%emt 0:00:01] Mate Mate} 1-0

[Event "OeISM_Rapid_u12_Girls"]
[Site "AUT_girls_U12"]
[Date "2020.12.13"]
[Round "3"]
[White "BiancaD"]
[Black "Orchidee14"]
[Result "1-0"]
[WhiteElo "1612"]
[BlackElo "1408"]
[Annotator "NA RC"]
[PlyCount "75"]
[EventDate "2020.12.13"]
[EventType "blitz"]

1. e4 {[%emt 0:00:02]} g6 {[%emt 0:00:03]} 2. Nf3 {[%emt 0:00:01]} Bg7 {[%emt 0:00:04]} 3. Bc4 {[%emt 0:00:02]} d6 {[%emt 0:00:01]} 4. O-O {[%emt 0:00:04]} Nf6 {[%emt 0:00:06]} 5. Nc3 {[%emt 0:00:09]} O-O {[%emt 0:00:03]} 6. h3 {[%emt 0:00:01]} Nc6 {[%emt 0:00:03]} 7. d3 {[%emt 0:00:02]} e5 {[%emt 0:00:04]} 8. Bg5 {[%emt 0:00:01]} Qd7 {[%emt 0:00:03]} 9. Bxf6 {[%emt 0:00:15]} Bxf6 {[%emt 0:00:03]} 10. Nd5 {[%emt 0:00:01]} Bg7 {[%emt 0:00:06]} 11. c3 {[%emt 0:00:09]} Qd8 {[%emt 0:00:21]} 12. d4 {[%emt 0:00:11]} exd4 {[%emt 0:00:05]} 13. Nxd4 {[%emt 0:00:11]} Nxd4 {[%emt 0:00:06]} 14. cxd4 {[%emt 0:00:02]} c5 {[%emt 0:00:10]} 15. dxc5 {[%emt 0:00:09]} dxc5 {[%emt 0:00:05]} 16. Rb1 {[%emt 0:00:06]} Qg5 {[%emt 0:00:18]} 17. Qf3 {[%emt 0:00:25]} a6 {[%emt 0:00:14]} 18. Nc7 {[%emt 0:00:02]} Rb8 {[%emt 0:00:09]} 19. Qg3 {[%emt 0:00:30]} Qd2 {[%emt 0:00:23]} 20. b3 {[%emt 0:00:23]} Qxa2 {[%emt 0:00:26]} 21. Nd5 {[%emt 0:00:28]} Qe2 {[%emt 0:00:21]} 22. Bxe2 {[%emt 0:00:06]} f5 {[%emt 0:00:17]} 23. Ne7+ {[%emt 0:00:04]} Kf7 {[%emt 0:00:06]} 24. Nxc8 {[%emt 0:00:01]} Rbxc8 {[%emt 0:00:02]} 25. exf5 {[%emt 0:00:05]} gxf5 {[%emt 0:00:03]} 26. Bc4+ {[%emt 0:00:01]} Kf6 {[%emt 0:00:05]} 27. Qd6+ {[%emt 0:00:04]} Kg5 {[%emt 0:00:05]} 28. f4+ {[%emt 0:00:03]} Kh4 {[%emt 0:00:03]} 29. Rf3 {[%emt 0:00:16]} Rcd8 {[%emt 0:00:07]} 30. g3+ {[%emt 0:00:22]} Kxh3 {[%emt 0:00:04]} 31. Qe6 {[%emt 0:00:16]} Bd4+ {[%emt 0:00:07]} 32. Kf1 {[%emt 0:00:08]} Rde8 {[%emt 0:00:11]} 33. Qh6+ {[%emt 0:00:02]} Kg4 {[%emt 0:00:05]} 34. Re1 {[%emt 0:00:25]} Kxf3 {[%emt 0:00:09]} 35. Qh5+ {[%emt 0:00:04]} Kxg3 {[%emt 0:00:04]} 36. Rxe8 {[%emt 0:00:02]} Rf6 {[%emt 0:00:11]} 37. Qg5+ {[%emt 0:00:03]} Kf3 {[%emt 0:00:09]} 38. Bd5# {[%emt 0:00:02] Mate Mate} 1-0

[Event "OeISM_Rapid_u12_Girls"]
[Site "AUT_girls_U12"]
[Date "2020.12.13"]
[Round "3"]
[White "Athene"]
[Black "Ju_Fa29"]
[Result "0-1"]
[WhiteElo "1586"]
[BlackElo "1705"]
[Annotator "NA RC"]
[PlyCount "78"]
[EventDate "2020.12.13"]
[EventType "blitz"]

1. e4 {[%emt 0:00:08]} e5 {[%emt 0:00:01]} 2. Nf3 {[%emt 0:00:02]} Nc6 {[%emt 0:00:02]} 3. d4 {[%emt 0:00:03]} exd4 {[%emt 0:00:05]} 4. Bc4 {[%emt 0:00:02]} Nf6 {[%emt 0:00:11]} 5. e5 {[%emt 0:00:09]} d5 {[%emt 0:00:15]} 6. exf6 {[%emt 0:00:08]} dxc4 {[%emt 0:00:03]} 7. fxg7 {[%emt 0:00:04]} Bxg7 {[%emt 0:00:02]} 8. Qe2+ {[%emt 0:00:04]} Be6 {[%emt 0:00:10]} 9. O-O {[%emt 0:00:06]} Qe7 {[%emt 0:00:23]} 10. Re1 {[%emt 0:00:03]} O-O-O {[%emt 0:00:05]} 11. c3 {[%emt 0:00:04]} dxc3 {[%emt 0:00:21]} 12. Nxc3 {[%emt 0:00:00]} Bxc3 {[%emt 0:00:16]} 13. bxc3 {[%emt 0:00:06]} Rhg8 {[%emt 0:00:11]} 14. Bf4 {[%emt 0:00:15]} Qf6 {[%emt 0:00:16]} 15. Bg3 {[%emt 0:00:09]} Qxc3 {[%emt 0:00:17]} 16. Rec1 {[%emt 0:00:06]} Qf6 {[%emt 0:00:20]} 17. Bh4 {[%emt 0:00:04]} Qg6 {[%emt 0:00:12]} 18. g3 {[%emt 0:00:09]} Nd4 {[%emt 0:00:44]} 19. Nxd4 {[%emt 0:00:06]} Rxd4 {[%emt 0:00:05]} 20. Rd1 {[%emt 0:00:09]} Rxh4 {[%emt 0:00:08]} 21. Kh1 {[%emt 0:00:12]} Re4 {[%emt 0:00:21]} 22. Qd2 {[%emt 0:00:08]} b6 {[%emt 0:00:24]} 23. Rac1 {[%emt 0:00:07]} Bg4 {[%emt 0:00:16]} 24. Qc3 {[%emt 0:00:07]} Bxd1 {[%emt 0:00:20]} 25. Rxd1 {[%emt 0:00:05]} Rd8 {[%emt 0:00:20] Athene offers a draw} 26. Rxd8+ {[%emt 0:00:19]} Kxd8 {[%emt 0:00:03]} 27. Qd2+ {[%emt 0:00:02]} Kc8 {[%emt 0:00:05]} 28. Kg1 {[%emt 0:00:07]} Qd6 {[%emt 0:00:11]} 29. Qc2 {[%emt 0:00:09]} Re1+ {[%emt 0:00:04]} 30. Kg2 {[%emt 0:00:03]} Qd5+ {[%emt 0:00:11]} 31. Kh3 {[%emt 0:00:09]} Re5 {[%emt 0:00:13]} 32. Qxh7 {[%emt 0:00:06]} Rh5+ {[%emt 0:00:02]} 33. Qxh5 {[%emt 0:00:03]} Qxh5+ {[%emt 0:00:03]} 34. Kg2 {[%emt 0:00:00]} c3 {[%emt 0:00:02]} 35. a4 {[%emt 0:00:00]} c2 {[%emt 0:00:01]} 36. a5 {[%emt 0:00:00]} b5 {[%emt 0:00:03]} 37. a6 {[%emt 0:00:00]} c1=R {[%emt 0:00:07]} 38. h4 {[%emt 0:00:00]} Qd5+ {[%emt 0:00:09]} 39. Kh2 {[%emt 0:00:05]} Rh1# {[%emt 0:00:03] Mate Mate} 0-1

[Event "OeISM_Rapid_u12_Girls"]
[Site "AUT_girls_U12"]
[Date "2020.12.13"]
[Round "3"]
[White "LBchessqueen"]
[Black "Jaguarjungle"]
[Result "1-0"]
[WhiteElo "1564"]
[BlackElo "1379"]
[Annotator "NA RC"]
[PlyCount "51"]
[EventDate "2020.12.13"]
[EventType "blitz"]

1. c4 {[%emt 0:00:08]} e5 {[%emt 0:00:04]} 2. d3 {[%emt 0:00:01]} Nc6 {[%emt 0:00:03]} 3. g3 {[%emt 0:00:01]} Nf6 {[%emt 0:00:03]} 4. Bg2 {[%emt 0:00:02]} Bc5 {[%emt 0:00:09]} 5. Nf3 {[%emt 0:00:16]} d5 {[%emt 0:00:06]} 6. cxd5 {[%emt 0:00:10]} Nxd5 {[%emt 0:00:00]} 7. Nc3 {[%emt 0:00:06]} Nxc3 {[%emt 0:00:09]} 8. bxc3 {[%emt 0:00:03]} O-O {[%emt 0:00:04]} 9. O-O {[%emt 0:00:05]} Bg4 {[%emt 0:00:05]} 10. Rb1 {[%emt 0:00:26]} b6 {[%emt 0:00:04]} 11. Bd2 {[%emt 0:00:16]} Re8 {[%emt 0:00:10]} 12. Qa4 {[%emt 0:00:13]} Qd7 {[%emt 0:00:28]} 13. Ng5 {[%emt 0:01:46]} Bxe2 {[%emt 0:00:17]} 14. Bxc6 {[%emt 0:00:10]} Qe7 {[%emt 0:00:19]} 15. Bxa8 {[%emt 0:00:20]} Bxd3 {[%emt 0:00:14]} 16. Bd5 {[%emt 0:00:51]} Rf8 {[%emt 0:00:14]} 17. Be4 {[%emt 0:00:19]} Bxf1 {[%emt 0:00:12]} 18. Rxf1 {[%emt 0:00:03]} h6 {[%emt 0:00:04]} 19. Nf3 {[%emt 0:00:28]} Rd8 {[%emt 0:00:20]} 20. Qc4 {[%emt 0:00:23]} Qd7 {[%emt 0:01:04]} 21. Be3 {[%emt 0:00:09]} Bxe3 {[%emt 0:00:06]} 22. fxe3 {[%emt 0:00:03]} b5 {[%emt 0:00:24]} 23. Qc6 {[%emt 0:00:19]} Qh3 {[%emt 0:00:31]} 24. Qxc7 {[%emt 0:00:20]} Rc8 {[%emt 0:00:25]} 25. Qxe5 {[%emt 0:00:11]} Rc4 {[%emt 0:00:41]} 26. Qe8# {[%emt 0:00:05] Mate Mate} 1-0

[Event "OeISM_Rapid_u12_Girls"]
[Site "AUT_girls_U12"]
[Date "2020.12.13"]
[Round "3"]
[White "HarryPotter09"]
[Black "Chessellis"]
[Result "0-1"]
[WhiteElo "1491"]
[BlackElo "1685"]
[Annotator "NA RC"]
[PlyCount "98"]
[EventDate "2020.12.13"]
[EventType "blitz"]

1. e4 {[%emt 0:00:04]} c5 {[%emt 0:00:01]} 2. Nf3 {[%emt 0:00:02]} d6 {[%emt 0:00:01]} 3. d4 {[%emt 0:00:03]} cxd4 {[%emt 0:00:02]} 4. Nxd4 {[%emt 0:00:03]} Nf6 {[%emt 0:00:01]} 5. Nc3 {[%emt 0:00:02]} g6 {[%emt 0:00:01]} 6. Be3 {[%emt 0:00:02]} Bg7 {[%emt 0:00:02]} 7. f3 {[%emt 0:00:02]} O-O {[%emt 0:00:03]} 8. Qd2 {[%emt 0:00:02]} Nc6 {[%emt 0:00:03]} 9. O-O-O {[%emt 0:00:03]} Bd7 {[%emt 0:00:05]} 10. Nxc6 {[%emt 0:00:29]} bxc6 {[%emt 0:00:03]} 11. Bh6 {[%emt 0:00:05]} Rb8 {[%emt 0:00:02]} 12. Bc4 {[%emt 0:00:05]} Qb6 {[%emt 0:00:07]} 13. Bb3 {[%emt 0:00:03]} c5 {[%emt 0:00:09]} 14. Bxg7 {[%emt 0:00:08]} Kxg7 {[%emt 0:00:02]} 15. Qd3 {[%emt 0:00:19]} Rfc8 {[%emt 0:00:11]} 16. Qc4 {[%emt 0:00:11]} Be6 {[%emt 0:00:08]} 17. Qa4 {[%emt 0:00:29]} c4 {[%emt 0:00:13]} 18. g4 {[%emt 0:01:26]} cxb3 {[%emt 0:00:06]} 19. axb3 {[%emt 0:00:07]} Qe3+ {[%emt 0:00:36]} 20. Kb1 {[%emt 0:00:19]} Rxc3 {[%emt 0:00:18]} 21. bxc3 {[%emt 0:00:05]} Qxc3 {[%emt 0:00:03]} 22. Rd3 {[%emt 0:00:51]} Bxb3 {[%emt 0:00:35]} 23. Rxc3 {[%emt 0:00:25]} Bxa4+ {[%emt 0:00:02]} 24. Ka2 {[%emt 0:00:05]} Bd7 {[%emt 0:00:23]} 25. Rc7 {[%emt 0:00:18]} Be6+ {[%emt 0:00:04] Chessellis offers a draw} 26. Ka3 {[%emt 0:00:31]} a5 {[%emt 0:00:52]} 27. Rxe7 {[%emt 0:00:12]} Rc8 {[%emt 0:00:08]} 28. Rc1 {[%emt 0:00:15]} Nd7 {[%emt 0:00:12] HarryPotter09 offers a draw} 29. f4 {[%emt 0:00:48]} Kf6 {[%emt 0:00:13]} 30. Rxe6+ {[%emt 0:00:20]} Kxe6 {[%emt 0:00:06]} 31. f5+ {[%emt 0:00:07]} Ke5 {[%emt 0:00:06]} 32. fxg6 {[%emt 0:00:05]} fxg6 {[%emt 0:00:03]} 33. Rd1 {[%emt 0:00:10]} Rxc2 {[%emt 0:00:06]} 34. Rd5+ {[%emt 0:00:05]} Kxe4 {[%emt 0:00:09]} 35. Rxd6 {[%emt 0:00:03]} Ne5 {[%emt 0:00:14]} 36. Ra6 {[%emt 0:00:21]} Rxh2 {[%emt 0:00:05]} 37. Rxa5 {[%emt 0:00:03]} Nc4+ {[%emt 0:00:02]} 38. Kb4 {[%emt 0:00:03]} Nxa5 {[%emt 0:00:01]} 39. Kxa5 {[%emt 0:00:01]} Rb2 {[%emt 0:00:03]} 40. g5 {[%emt 0:00:05]} Kf5 {[%emt 0:00:02]} 41. Ka4 {[%emt 0:00:06]} Kxg5 {[%emt 0:00:08]} 42. Ka3 {[%emt 0:00:01]} Rb8 {[%emt 0:00:03]} 43. Ka4 {[%emt 0:00:05]} h5 {[%emt 0:00:01]} 44. Ka5 {[%emt 0:00:01]} h4 {[%emt 0:00:01]} 45. Ka6 {[%emt 0:00:01]} h3 {[%emt 0:00:01]} 46. Ka7 {[%emt 0:00:01]} Rb2 {[%emt 0:00:03]} 47. Ka6 {[%emt 0:00:01]} h2 {[%emt 0:00:01]} 48. Ka5 {[%emt 0:00:02]} h1=Q {[%emt 0:00:03]} 49. Ka4 {[%emt 0:00:02]} Qa1# {[%emt 0:00:03] Mate Mate} 0-1

[Event "OeISM_Rapid_u12_Girls"]
[Site "AUT_girls_U12"]
[Date "2020.12.13"]
[Round "3"]
[White "Leefke Giselbrecht"]
[Black "Efiona2008"]
[Result "1-0"]
[WhiteElo "1366"]
[BlackElo "1437"]
[Annotator "NA RC"]
[PlyCount "103"]
[EventDate "2020.12.13"]
[EventType "blitz"]

1. e4 {[%emt 0:00:04]} e5 {[%emt 0:00:02]} 2. Bc4 {[%emt 0:00:03]} Bc5 {[%emt 0:00:07]} 3. Nf3 {[%emt 0:00:04]} Nc6 {[%emt 0:00:07]} 4. d3 {[%emt 0:00:04]} Nf6 {[%emt 0:00:04]} 5. O-O {[%emt 0:00:04]} d6 {[%emt 0:00:08]} 6. c3 {[%emt 0:00:02]} Bg4 {[%emt 0:00:12]} 7. Nbd2 {[%emt 0:00:11]} O-O {[%emt 0:00:24]} 8. Re1 {[%emt 0:00:05]} Bb6 {[%emt 0:00:09]} 9. Nf1 {[%emt 0:00:04]} Bh5 {[%emt 0:00:19]} 10. Ng3 {[%emt 0:00:03]} Ng4 {[%emt 0:00:15]} 11. Rf1 {[%emt 0:00:05]} Nf6 {[%emt 0:00:19]} 12. Bg5 {[%emt 0:00:16]} Bg6 {[%emt 0:00:12]} 13. Nh4 {[%emt 0:00:30]} h6 {[%emt 0:00:17]} 14. Nxg6 {[%emt 0:00:08]} Kh7 {[%emt 0:00:47]} 15. Nxf8+ {[%emt 0:00:08]} Qxf8 {[%emt 0:00:08]} 16. Bxf6 {[%emt 0:00:07]} gxf6 {[%emt 0:00:03]} 17. Nf5 {[%emt 0:00:12]} Na5 {[%emt 0:00:47]} 18. Bb5 {[%emt 0:00:17]} a6 {[%emt 0:00:36]} 19. Ba4 {[%emt 0:00:02]} Qc8 {[%emt 0:00:16]} 20. Qh5 {[%emt 0:00:08]} Qf8 {[%emt 0:00:20]} 21. b4 {[%emt 0:00:07]} Nc6 {[%emt 0:00:07]} 22. Bb3 {[%emt 0:00:03]} Ne7 {[%emt 0:00:34]} 23. Bxf7 {[%emt 0:00:37]} Nxf5 {[%emt 0:00:17]} 24. Qg6+ {[%emt 0:00:45]} Kh8 {[%emt 0:00:07]} 25. exf5 {[%emt 0:00:09]} Qg7 {[%emt 0:00:13]} 26. Qxg7+ {[%emt 0:00:16]} Kxg7 {[%emt 0:00:04]} 27. Bg6 {[%emt 0:00:02]} c5 {[%emt 0:00:22]} 28. bxc5 {[%emt 0:00:02]} dxc5 {[%emt 0:00:02]} 29. Rab1 {[%emt 0:00:03]} Ba5 {[%emt 0:00:18]} 30. Rxb7+ {[%emt 0:00:05]} Kf8 {[%emt 0:00:05]} 31. c4 {[%emt 0:00:12]} Bc3 {[%emt 0:00:15]} 32. Rfb1 {[%emt 0:00:07]} Bb4 {[%emt 0:00:16]} 33. a3 {[%emt 0:00:18]} Bxa3 {[%emt 0:00:04]} 34. Rb8+ {[%emt 0:00:05]} Rxb8 {[%emt 0:00:02]} 35. Rxb8+ {[%emt 0:00:04]} Ke7 {[%emt 0:00:02]} 36. Ra8 {[%emt 0:00:03]} h5 {[%emt 0:00:17]} 37. Rxa6 {[%emt 0:00:04]} Bb4 {[%emt 0:00:06]} 38. Bxh5 {[%emt 0:00:09]} Kd7 {[%emt 0:00:18]} 39. Kf1 {[%emt 0:00:06]} Kc7 {[%emt 0:00:04]} 40. Ke2 {[%emt 0:00:02]} Kb7 {[%emt 0:00:06]} 41. Rxf6 {[%emt 0:00:02]} Bc3 {[%emt 0:00:06]} 42. Re6 {[%emt 0:00:11]} Kc7 {[%emt 0:00:07]} 43. g4 {[%emt 0:00:05]} Kd7 {[%emt 0:00:08]} 44. g5 {[%emt 0:00:05]} Kc7 {[%emt 0:00:14]} 45. g6 {[%emt 0:00:02]} e4 {[%emt 0:00:09]} 46. dxe4 {[%emt 0:00:05]} Kd7 {[%emt 0:00:04]} 47. e5 {[%emt 0:00:12]} Bd4 {[%emt 0:00:16]} 48. g7 {[%emt 0:00:10]} Kd8 {[%emt 0:00:09]} 49. g8=Q+ {[%emt 0:00:04]} Kd7 {[%emt 0:00:03]} 50. Qg7+ {[%emt 0:00:03]} Kd8 {[%emt 0:00:03]} 51. f6 {[%emt 0:00:13]} Kc8 {[%emt 0:00:05]} 52. Re8# {[%emt 0:00:03] Mate Mate} 1-0